ბათუმის შოთა რუსთაველის სახელმწიფო უნივერსიტეტის ბიბლიოთეკა

Professional English in Use Law (ბიბ.ჩანაწერი № 50290)

000 -LEADER
fixed length control field 00746nam a2200241Ia 4500
001 - CONTROL NUMBER
control field 17229
003 - CONTROL NUMBER IDENTIFIER
control field GE_BSU
008 - FIXED-LENGTH DATA ELEMENTS--GENERAL INFORMATION
fixed length control field 181216s||||||||xx |||||||||||||| ||und||
020 ## - INTERNATIONAL STANDARD BOOK NUMBER
International Standard Book Number ISBN 9780521685429 (Ed. with answers)
040 ## - CATALOGING SOURCE
Transcribing agency GE_BSU
080 ## - UNIVERSAL DECIMAL CLASSIFICATION NUMBER
Universal Decimal Classification number 811.111+34
100 ## - MAIN ENTRY--PERSONAL NAME
Personal name Brown, Gillian D.Sally Rice.
245 ## - TITLE STATEMENT
Title Professional English in Use Law
260 ## - PUBLICATION, DISTRIBUTION, ETC.
Place of publication, distribution, etc. Cambridge ; New York
260 ## - PUBLICATION, DISTRIBUTION, ETC.
Name of publisher, distributor, etc. Cambridge University Press,
260 ## - PUBLICATION, DISTRIBUTION, ETC.
Date of publication, distribution, etc. 2007
300 ## - PHYSICAL DESCRIPTION
Extent 128 p, ill, (mostly col.) ; 27 cm.
653 ## - INDEX TERM--UNCONTROLLED
Uncontrolled term Law--England. Law--England--Terminology. English language--Textbooks for foreign speakers.
653 ## - INDEX TERM--UNCONTROLLED
Uncontrolled term Professional English in Use Law
653 ## - INDEX TERM--UNCONTROLLED
Uncontrolled term ინგლისური ენა
942 ## - ADDED ENTRY ELEMENTS (KOHA)
Koha item type წიგნი
ეგზემპლარები
Withdrawn status Lost status Source of classification or shelving scheme Damaged status Not for loan Permanent Location Current Location Shelving location Date acquired Cost, normal purchase price Full call number Barcode Date last seen Copy number Price effective from Koha item type Public note
          ბათუმის შოთა რუსთაველის სახელმწიფო უნივერსიტეტის მთავარი ბიბლიოთეკა ბათუმის შოთა რუსთაველის სახელმწიფო უნივერსიტეტის მთავარი ბიბლიოთეკა წიგნსაცავი 2018-12-17 90.00 811.111+34 B-89 45237 2018-12-17 45237 2018-12-17 წიგნი 90.00